1574 1738 1428 1862 1349 1581 1349 1949 1956 1861 1352 1746 1175 1796 1749 1175 1671 1534 1659 1504 1641 1061 1772 1889 1038 1157 1347 1145 1889 1743 1874 1960 1832 1643 1889 1499 1231 1519 1570 1731 1157 2000 1792 1027 1086 1317 1689 1504 1770 1011 1293 1188 1070 1527 1115 1249 1146 1778 1393 1618 1575 1440 1212 1785 1090 1641 1306 1907 1537 1016 1692 1925 1514 1776 1508 1387 1329 1347 1771 1524 1928 1244 1995 1610 1585 1182 1892 1114 1811 1313 1284 1401 1528 1154 1880 1160 1844 1040 1555 BCNSPRNW ULIB Ver.6.0+V

เปลี่ยนเป็นภาษาไทย

Change to English
 แสดงรายละเอียดบรรณานุกรม
  กลับหน้าหลัก

Brief Record : Get Marc (ISO 2709) : E-mail record : QR code < ปิดหน้าต่าง
LEADER : 00000nam 2200000uu 4500
001    13399121554
003     ULIB
008    020711s2459 th a 000 0 tha d
020    9749416119
090    นว.^bภ283อ
100    กาย เบ็ญจ์
245    ไซอิ๋ว ฉบับการ์ตูน /^cกาย เบ็ญจ์
260    กรุงเทพฯ :^bกิเลนการพิมพ์,^c2459
300    440 หน้า
945    ^p225^l0^i018639
999    ^aทศพร
รายการนี้ยังไม่มีแท็ก
คุณยังไม่ได้ล็อกอิน คุณสามารถมีกิจกรรมร่วมกับเว็บไซต์ได้ แต่ต้องล็อกอินก่อน ::
  ล็อกอิน

รายการสื่อสารสนเทศ

ลำดับที่ ประเภท เลขเรียก/บาร์โค้ด สถานที่ สถานะ
1. นวนิยาย
นวนิยาย
นว. ภ283อ ฉ.1 
  Barcode: 018639
ห้องสมุดวิทยาเขตสวรรค์ประชารักษ์
►นวนิยาย
บนชั้น
  ขอยืม

BibComment


ยังไม่เคยถูกคอมเมนท์

คอมเมนท์ทรัพยากรรายการนี้
  คอมเมนท์: ไซอิ๋ว ฉบับการ์ตู..


 Copyright 2026. Bcnsprnw @Library